书目信息 |
| 题名: |
名家解读元曲
|
|
| 作者: | 吕薇芬 选编 | |
| 分册: | ||
| 出版信息: | 济南 山东人民出版社 1999 |
|
| 页数: | 421页 | |
| 开本: | 21cm | |
| 丛书名: | 名家解读古典文学名著丛书 | |
| 单 册: | ||
| 中图分类: | I207.24 | |
| 科图分类: | 43.2376 | |
| 主题词: | 散曲-文学研究--中国--文集 , 文学研究-散曲--中国--文集 | |
| 电子资源: | ||
| ISBN: | 7-209-02344-5 | |
| 000 | 00804nam2 2200253 45 | |
| 001 | 012000026962 | |
| 005 | 20041012094245.29 | |
| 010 | @a7-209-02344-5@dCNY 19.50 | |
| 100 | @a20000125d1999 km y0chiy0120 ea | |
| 101 | 0 | @achi |
| 102 | @aCN@b370000 | |
| 105 | @ay r 000zy | |
| 200 | 1 | @a名家解读元曲@AMing Jia Jie Du Yuan Qu@f吕薇芬选编@FLu^ Wei Fen Xuan Bian |
| 210 | @a济南@c山东人民出版社@d1999 | |
| 215 | @a421页@d21cm | |
| 225 | 2 | @a名家解读古典文学名著丛书@AMing Jia Jie Du Gu Dian Wen Xue Ming Zhu Cong Shu |
| 410 | 0 | @12001 @a名家解读古典文学名著丛书 |
| 606 | @a散曲-文学研究@y中国@x文集 | |
| 606 | @a文学研究-散曲@y中国@x文集 | |
| 690 | @aI207.24@v3 | |
| 692 | @a43.2376@v2 | |
| 701 | 0 | @a吕薇芬@ALu^ Wei Fen@4选编 |
| 801 | 0 | @aCN@bCEPC@c20041012 |
| 905 | @a10447@dI207.24@eL899 | |
| 名家解读元曲/吕薇芬选编.-济南:山东人民出版社,1999 |
| 421页;21cm.-(名家解读古典文学名著丛书) |
| ISBN 7-209-02344-5:CNY 19.50 |
| ● |
| 相关链接 |
|
|
|
正题名:名家解读元曲
索取号:I207.24/L899
 
预约/预借
| 序号 | 登录号 | 条形码 | 馆藏地/架位号 | 状态 | 备注 |
| 1 | 399281 | 203992812 | 文学库108/108文学库 9排2列5层/ [索取号:I207.24/L899] | 在馆 | |
| 2 | 399282 | 203992821 | 文学库108/108文学库 9排2列5层/ [索取号:I207.24/L899] | 在馆 | |
| 3 | 399283 | 203992830 | 文学库108/108文学库 9排2列5层/ [索取号:I207.24/L899] | 在馆 |